| 000 | 00840cab a22002175a 4500 | ||
|---|---|---|---|
| 001 | L145882 | ||
| 008 | 081119e20081115xxka f g 000 0 eng d | ||
| 035 | _a(Sirsi) u145882 | ||
| 041 | 0 | _aeng | |
| 100 | 1 | _aShaw, Stephen | |
| 245 | 0 | 2 | _aA new direction |
| 260 | _c2008 | ||
| 490 |
_aEstates Gazette _v(0845) 15 November 2008, 90-91(2) |
||
| 520 | _aArticle looks at the recent rise in the fortunes of mediation and explores how this is affecting dispute resolution. Discusses when the use of mediation is appropriate and looks at legislative developments. | ||
| 590 | _aKA | ||
| 650 | 2 | 4 | _aBRADFORD V JAMES |
| 650 | 2 | 4 | _aNIGEL WITHAM SMITH LTD V SMITH |
| 651 | 4 |
_aUnited Kingdom _y |
|
| 690 | _aMANAGEMENT-DISPUTE AVOIDANCE, MANAGEMENT AND RESOLUTION-DISPUTE MANAGEMENT AND RESOLUTION-ALTERNATIVE DISPUTE RESOLUTION | ||
| 942 | _n0 | ||
| 999 |
_c80964 _d80964 |
||